Los criterios de aceptación en el discurso argumentativo / Ana María Vicuña

Uloženo v:
Podrobná bibliografie
Hlavní autor: Vicuña, Ana María
Médium: Kniha
Jazyk:Spanish
Tagy: Přidat tag
Žádné tagy, Buďte první, kdo vytvoří štítek k tomuto záznamu!

MARC

LEADER 00000nam a22000007a 4500
003 cru CIDCACS/IIS
005 20190206132217.0
007 ta
008 190206t2005 cl |||||r|||||||| 0 spa |
999 |c 42153  |d 42153 
040 |c cru CIDCACS/IIS 
100 1 |9 8305  |a Vicuña, Ana María  
245 1 4 |a Los criterios de aceptación en el discurso argumentativo /  |b Ana María Vicuña 
300 |a páginas 46-65 
773 0 |0 42151  |9 2640  |a Harvey, Anamaría  |d Chile: Ediciones Universidad Católica de Chile, 2005  |o 04011  |t En Torno al discurso:  |z 9561408058 
942 |2 ddc  |c LI